| 000 | 00357nam a2200145Ia 4500 | ||
|---|---|---|---|
| 008 | 230312s9999||||xx |||||||||||||| ||und|| | ||
| 020 | _a9780240522425 | ||
| 082 |
_a770.285 _bGAL-A |
||
| 100 | _aHarkey,Dan | ||
| 245 | 0 | _aWiresless Java Programming | |
| 260 |
_bFocal _aCanada _c2011 |
||
| 300 | _a344 | ||
| 650 |
_aComputer _vImage processing |
||
| 942 | _cBK | ||
| 999 |
_c17320 _d17320 |
||